000 00274nam a22001097a 4500
008 170112b xxu||||| |||| 00| 0 eng d
020 _a9780397551453
041 _aeng
080 _22ND
_a618.2
245 _aNURSING CARE PLANS & DOCUMENTATION
_cLIPPINCOT, J.B
942 _2udc
_cBK
999 _c2795
_d2795